000
00334nam a2200133Ia 4500
003
PILC
008
220421s2004 xx 000 0 und d
040
_c
EARIST LIBRARY
100
_a
Reyes,Milagros
_9
1156
245
0
_a
Social Research:A Deductive Approach /
260
_a
Manila,
_b
Rex :
_c
2004.
999
_c
2609
_d
2609
942
_2
ddc
_c
BK